000 00741nam a2200253 4500
003 OSt
005 20260530115308.0
008 260513b1964 |||||||| |||| 00| 0 eng d
040 _aICI
_bspa
_cICI
050 _aP90
_bM25 1964
100 1 _aMcLuhan, Marshall
245 1 0 _aUnderstanding Media:
_bThe Extension of Man /
_cMarshall McLuhan
264 1 _bSignet
_c1964
_aNew York
300 _a318 páginas
336 _atexto
_2rdacontent
337 _asin medio
_2rdamedia
338 _avolumen
_2rdacarrier
650 _aMedios de comunicación de masas
_932454
650 _aTecnología y sociedad
650 _aComunicación
_9299
650 _aCultura de masas
_932456
650 _aMedios electrónicos
_932457
942 _2lcc
_cBK
_n1
999 _c13228
_d13228